000 00876nam a2200229Ia 4500
003 Ost
005 20260507075337.0
008 260507s9999||||xx |||||||||||||| ||und||
020 _a10454499579
040 _cfsecg
041 _aara
082 _a330
100 _aبوكميش، لعلى
_eمؤلف
245 0 _aإدارة الجودة الشاملة :
_bإيزو 9000 /
_c لعلى بوكميش
260 _aعمان:
_bدار الراية,
_c2011
300 _a175 صفحة؛
_bإيضاحات ؛
_c25 سم
520 _aماهية الجودة وإدارة الجودة الشاملة و علاقة ادارة الجودة الشاملة بمواصفات الايزو 9000و تطبيق ادارة الجودة الشاملة
653 _aالإيزو
653 _aضبط الجودة
653 _aمنظمة التقييس الدولية
942 _cكتاب
999 _c44056
_d44056